| 000 | 01168nac a22002291u 4500 | ||
|---|---|---|---|
| 010 | _a 2001035099 | ||
| 020 | _a0521623111 (hardback) | ||
| 082 | 0 | 0 |
_a341.09 _bK863 |
| 090 |
_c5150 _d5150 |
||
| 100 | _aKoskenniemi, Martti. | ||
| 245 | 1 | 4 |
_aThe gentle civilizer of nations : _bthe rise and fall of international law, 1870-1960 / _cMartti Koskenniemi. |
| 260 |
_aCambridge, UK ; _aNew York : _bCambridge University Press,2002 _c2002. |
||
| 300 |
_axiv, 569 p. ; _c24 cm. |
||
| 504 | _aIncludes bibliographical references (p. 518-558) and index. | ||
| 650 | 0 |
_aInternational law _xHistory. |
|
| 856 | 4 | 1 |
_3Sample text _uhttp://www.loc.gov/catdir/samples/cam031/2001035099.html |
| 856 | 4 | 1 |
_3Publisher description _uhttp://www.loc.gov/catdir/description/cam021/2001035099.html |
| 856 | 4 | 1 |
_3Table of contents _uhttp://www.loc.gov/catdir/toc/cam022/2001035099.html |
| 856 | 4 | 1 |
_3Contributor biographical information _uhttp://www.loc.gov/catdir/enhancements/fy0731/2001035099-b.html |
| 942 |
_cBB _k341.09K863 |
||
| 999 |
_c5150 _d5150 |
||